000 00719nam a2200241Ia 4500
003 OSt
005 20221007082003.0
006 a|||||r|||| 00| 0
007 ta
008 221006b |||||||| |||| 00| 0 eng d
024 _a28,483
037 _cReports / Technical Reports
040 _aFLL
_cFLL
_beng
041 _2eng
_aeng
082 _aZ7.3, M3
100 _aCampbell Dennis
_9694734
245 0 _aU.S. legal system
_ba practice handbook
260 _aThe Hague
_bMartinus Nijhoff Publishers
_c1983
300 _ax,319p
_ccm.
700 _a Hepperle Winifred
_9698447
942 _hZ7.3, M3
_cREP
_2CC
999 _c1164958
_d1164958